[Event "GER-chT Lands U20"]
[Site "Hannover"]
[Date "2023.10.03"]
[Round "4"]
[White "Neuhoff, Laertes"]
[Black "Udelnov, Valentin"]
[Result "1/2-1/2"]
[WhiteElo "2061"]
[BlackElo "1925"]
[PlyCount "102"]
[EventDate "2023.10.01"]
[EventType "team-swiss"]
[EventRounds "7"]
[EventCountry "GER"]
[SourceTitle "EXT 2024"]
[Source "ChessBase"]
[SourceDate "2023.10.10"]
[SourceVersion "1"]
[SourceVersionDate "2023.10.10"]
[SourceQuality "1"]

1. e4 e5 2. Nf3 Nc6 3. Bc4 Bc5 4. c3 Nf6 5. d4 exd4 6. e5 d5 7. Bb5 Ne4 8. cxd4 Bb6 9. Nc3 Bg4 10. Be3 0-0 11. h3 Bh5 12. Qc2 Ba5 13. 0-0 Bxc3 14. bxc3 f5 15. exf6 Rxf6 16. Nd2 Bg6 17. Nxe4 Bxe4 18. Qd2 Rg6 19. f3 Bf5 20. Kh2 a6 21. Be2 Qe7 22. Rae1 Re8 23. Bf2 Qd6+ 24. Kh1 Rh6 25. Bd3 Rxe1 26. Bxe1 Ne7 27. Bxf5 Nxf5 28. Bf2 Re6 29. Qg5 g6 30. Re1 Rxe1+ 31. Bxe1 Kg7 32. g4 Qe7 33. Qd2 Ne3 34. Bg3 Nc4 35. Qf4 c6 36. Qb8 a5 37. Be5+ Nxe5 38. dxe5 g5 39. Kg2 h6 40. Kf1 Qf7 41. Ke2 Qe7 42. Kd3 c5 43. a4 Qf7 44. Ke2 d4 45. Qd6 Qc4+ 46. Kf2 dxc3 47. Qd7+ Kf8 48. Qd8+ Kg7 49. Qf6+ Kg8 50. Qd8+ Kg7 51. Qf6+ Kg8 1/2-1/2

[Event "Skalica op-A"]
[Site "Skalica"]
[Date "2023.08.25"]
[Round "7"]
[White "Brnusak, Tomas"]
[Black "Neuhoff, Laertes"]
[Result "1-0"]
[WhiteElo "2238"]
[BlackElo "2061"]
[PlyCount "63"]
[EventDate "2023.08.19"]
[EventType "swiss"]
[EventRounds "9"]
[EventCountry "SVK"]
[SourceTitle "CBM 215 Extra"]
[Source "ChessBase"]
[SourceDate "2023.09.30"]
[SourceVersion "1"]
[SourceVersionDate "2023.09.30"]
[SourceQuality "1"]

1. e4 c5 2. Nf3 Nc6 3. c3 d5 4. exd5 Qxd5 5. Na3 Nf6 6. Bc4 Qd8 7. d4 cxd4 8. Nb5 a6 9. Nbxd4 Nxd4 10. Nxd4 e5 11. Qe2 Bd6 12. 0-0 0-0 13. Nc2 b5 14. Bb3 Bb7 15. Bg5 e4 16. Rad1 Qe7 17. Bh4 a5 18. Nd4 Bb8 19. Nxb5 a4 20. Bc4 Rc8 21. b3 Re8 22. Bxf6 Qxf6 23. Rd7 Qe5 24. f4 Qc5+ 25. Nd4 Bc6 26. Bxf7+ Kf8 27. Bxe8 Bxd7 28. Bxd7 Qxc3 29. Qxe4 Qxd4+ 30. Qxd4 Ba7 31. Qxa7 Rxa7 32. Bxa4 1-0

[Event "Skalica op-A"]
[Site "Skalica"]
[Date "2023.08.24"]
[Round "6"]
[White "Kantorik, Marian"]
[Black "Neuhoff, Laertes"]
[Result "1-0"]
[WhiteElo "2208"]
[BlackElo "2061"]
[PlyCount "83"]
[EventDate "2023.08.19"]
[EventType "swiss"]
[EventRounds "9"]
[EventCountry "SVK"]
[SourceTitle "CBM 215 Extra"]
[Source "ChessBase"]
[SourceDate "2023.09.30"]
[SourceVersion "1"]
[SourceVersionDate "2023.09.30"]
[SourceQuality "1"]

1. d4 d5 2. c4 e6 3. Nc3 Nf6 4. Bg5 c6 5. e3 Be7 6. Nf3 0-0 7. Rc1 Nbd7 8. Bd3 dxc4 9. Bxc4 b5 10. Bd3 Bb7 11. e4 h6 12. Bf4 a6 13. e5 Nd5 14. Nxd5 cxd5 15. 0-0 Qa5 16. Bb1 Rfc8 17. g4 Rxc1 18. Bxc1 Qd8 19. Kg2 Nf8 20. h4 Ng6 21. Rh1 Rc8 22. h5 Nf8 23. Be3 a5 24. Qd2 Bb4 25. Qd3 Be7 26. Qxb5 Bc6 27. Qe2 Rb8 28. Bd3 f6 29. Bf4 Rb4 30. Rc1 Be8 31. b3 f5 32. gxf5 Bxh5 33. f6 gxf6 34. Qe3 f5 35. Bxh6 Qe8 36. Rg1 Ng6 37. Ng5 Bxg5 38. Qxg5 Rxd4 39. Qxh5 Rxd3 40. Kh2 Kh7 41. Bg5+ Kg8 42. Bf6 1-0

[Event "Wroclaw Anderssen Memorial op-A"]
[Site "Wroclaw"]
[Date "2023.08.13"]
[Round "9"]
[White "Barwinska, Ewa"]
[Black "Neuhoff, Laertes"]
[Result "1-0"]
[WhiteElo "1996"]
[BlackElo "2061"]
[PlyCount "55"]
[EventDate "2023.08.06"]
[EventType "swiss"]
[EventRounds "9"]
[EventCountry "POL"]
[SourceTitle "CBM 215 Extra"]
[Source "ChessBase"]
[SourceDate "2023.09.30"]
[SourceVersion "1"]
[SourceVersionDate "2023.09.30"]
[SourceQuality "1"]

1. e4 c5 2. Nc3 Nc6 3. Bb5 Nd4 4. Bc4 Nf6 5. Nf3 a6 6. d3 b5 7. Bb3 Nxb3 8. axb3 Bb7 9. e5 Nd5 10. Ne4 Qc7 11. 0-0 e6 12. Qe2 Be7 13. Bg5 f6 14. c4 fxg5 15. cxd5 Bxd5 16. Nexg5 0-0 17. Rac1 Rf5 18. Ne4 Raf8 19. Rfe1 Rxf3 20. gxf3 Qxe5 21. Kg2 Bd6 22. Rh1 Qf4 23. h4 Be5 24. Rxc5 Bxb3 25. Qe3 Bd5 26. Qxf4 Rxf4 27. Ra1 Bb7 28. Rxe5 1-0

[Event "Wroclaw Anderssen Memorial op-A"]
[Site "Wroclaw"]
[Date "2023.08.09"]
[Round "5"]
[White "Neuhoff, Laertes"]
[Black "Dubeck, Michael"]
[Result "1-0"]
[WhiteElo "2061"]
[BlackElo "2154"]
[PlyCount "29"]
[EventDate "2023.08.06"]
[EventType "swiss"]
[EventRounds "9"]
[EventCountry "POL"]
[SourceTitle "CBM 215 Extra"]
[Source "ChessBase"]
[SourceDate "2023.09.30"]
[SourceVersion "1"]
[SourceVersionDate "2023.09.30"]
[SourceQuality "1"]

1. e4 c5 2. Nf3 d6 3. d4 cxd4 4. Nxd4 g6 5. Nc3 Bg7 6. Be3 Nf6 7. f3 a6 8. Bc4 Nbd7 9. Qd2 Qc7 10. Bb3 Ne5 11. 0-0-0 Bd7 12. Kb1 Nc4 13. Bxc4 Qxc4 14. g4 Be6 15. h4 1-0

[Event "Pardubice rapid op 34th"]
[Site "Pardubice"]
[Date "2023.07.20"]
[Round "7"]
[White "Sorm, Daniel"]
[Black "Neuhoff, Laertes"]
[Result "1-0"]
[WhiteElo "2305"]
[BlackElo "1985"]
[PlyCount "41"]
[EventDate "2023.07.19"]
[EventType "swiss (rapid)"]
[EventRounds "9"]
[EventCountry "CZE"]
[SourceTitle "CBM 215 Extra"]
[Source "ChessBase"]
[SourceDate "2023.09.30"]
[SourceVersion "1"]
[SourceVersionDate "2023.09.30"]
[SourceQuality "1"]

1. d4 d5 2. c4 e6 3. Nc3 c6 4. Nf3 dxc4 5. e4 b5 6. Be2 Nf6 7. Qc2 Bb4 8. 0-0 0-0 9. a4 a5 10. axb5 Bxc3 11. bxc3 cxb5 12. Bg5 Qc7 13. Bxf6 gxf6 14. e5 f5 15. Qd2 Kh8 16. Qh6 Rg8 17. Ng5 Rg7 18. Nxh7 Rg6 19. Qh4 Kg7 20. Nf6 Qd8 21. Nh5+ 1-0

[Event "Bydgoszcz op-A"]
[Site "Bydgoszcz"]
[Date "2023.06.28"]
[Round "5"]
[White "Neuhoff, Laertes"]
[Black "Paprocki, Jaroslaw"]
[Result "1/2-1/2"]
[WhiteElo "2065"]
[BlackElo "2176"]
[PlyCount "116"]
[EventDate "2023.06.24"]
[EventType "swiss"]
[EventRounds "9"]
[EventCountry "POL"]
[SourceTitle "CBM 215 Extra"]
[Source "ChessBase"]
[SourceDate "2023.09.30"]
[SourceVersion "1"]
[SourceVersionDate "2023.09.30"]
[SourceQuality "1"]

1. e4 e5 2. Nf3 Nf6 3. d4 Nxe4 4. Bd3 Nc6 5. Bxe4 d5 6. Nxe5 Nxe5 7. dxe5 dxe4 8. Qxd8+ Kxd8 9. Nc3 Bb4 10. Bd2 Bxc3 11. Bxc3 Ke7 12. 0-0-0 Bd7 13. Rd4 Bc6 14. Re1 Ke6 15. Re3 h5 16. h4 Rad8 17. Rxd8 Rxd8 18. Rg3 g6 19. Re3 Kf5 20. Rg3 Bb5 21. Re3 Bf1 22. g3 Bg2 23. Re2 c5 24. Rd2 Rxd2 25. Kxd2 b5 26. b3 b4 27. Bb2 Bf1 28. a3 bxa3 29. Bxa3 c4 30. bxc4 Kxe5 31. c5 Kd5 32. Ke3 Bb5 33. c4+ Bxc4 34. c6 Kxc6 35. Kxe4 a5 36. Kd4 Be2 37. Bc1 Kb5 38. Kc3 Kc5 39. Kb3 Bd1+ 40. Ka3 Kd4 41. Bd2 a4 42. Ka2 Bg4 43. Be3+ Ke4 44. Ka3 Bd7 45. Kb2 f6 46. Ba7 g5 47. hxg5 fxg5 48. Bb6 h4 49. gxh4 gxh4 50. Ka1 Kf3 51. Bc7 Be6 52. Bd8 h3 53. Bc7 a3 54. Kb1 Kg2 55. Ka1 Kxf2 56. Kb1 Kg2 57. Ka1 h2 58. Bxh2 Kxh2 1/2-1/2

[Event "Bydgoszcz op-A"]
[Site "Bydgoszcz"]
[Date "2023.06.27"]
[Round "4"]
[White "Mulawa, Cyprian"]
[Black "Neuhoff, Laertes"]
[Result "0-1"]
[WhiteElo "2175"]
[BlackElo "2065"]
[PlyCount "82"]
[EventDate "2023.06.24"]
[EventType "swiss"]
[EventRounds "9"]
[EventCountry "POL"]
[SourceTitle "CBM 215 Extra"]
[Source "ChessBase"]
[SourceDate "2023.09.30"]
[SourceVersion "1"]
[SourceVersionDate "2023.09.30"]
[SourceQuality "1"]

1. d4 d5 2. c4 e6 3. Nc3 c6 4. Nf3 dxc4 5. g3 Nf6 6. Bg2 Nbd7 7. 0-0 Be7 8. a4 0-0 9. Nd2 e5 10. Nxc4 exd4 11. Qxd4 Nc5 12. Qxd8 Rxd8 13. Bf4 Nb3 14. Rad1 Be6 15. Nd6 Bxd6 16. Bxd6 Rd7 17. Be5 Rxd1 18. Rxd1 Nd7 19. Bf4 Nb6 20. Be4 h6 21. Bc2 Kf8 22. Bd6+ Kg8 23. e4 Na5 24. b4 Nac4 25. Bc5 Nd7 26. Bd4 a5 27. f4 Bg4 28. b5 Bxd1 29. Bxd1 Rd8 30. Be2 Ndb6 31. Bc5 Rd2 32. bxc6 bxc6 33. Kf1 Rc2 34. Nd1 Nd2+ 35. Ke1 Rxc5 36. Kxd2 Nxa4 37. Ne3 Nc3 38. Bc4 Nxe4+ 39. Kd3 Nd6 40. Kd4 Nxc4 41. Nxc4 Rxc4+ 0-1

[Event "GER-ch U14"]
[Site "Willingen"]
[Date "2023.05.31"]
[Round "6"]
[White "Neuhoff, Laertes"]
[Black "Sauer, Tim"]
[Result "0-1"]
[WhiteElo "2109"]
[BlackElo "2093"]
[PlyCount "128"]
[EventDate "2023.05.27"]
[EventType "swiss"]
[EventRounds "9"]
[EventCountry "GER"]
[SourceTitle "CBM 214 Extra"]
[Source "ChessBase"]
[SourceDate "2023.07.31"]
[SourceVersion "1"]
[SourceVersionDate "2023.07.31"]
[SourceQuality "1"]

1. e4 c5 2. Nf3 Nc6 3. d4 cxd4 4. Nxd4 g6 5. Nc3 Bg7 6. Be3 Nf6 7. Bc4 Qa5 8. 0-0 0-0 9. h3 d6 10. Nd5 Re8 11. Nxf6+ Bxf6 12. c3 Bd7 13. Qb3 Ne5 14. Be2 Qc7 15. a4 Rec8 16. Nb5 Qb8 17. f4 Be6 18. Qc2 Nc4 19. Bxc4 Bxc4 20. Rfe1 a6 21. Na3 b5 22. axb5 axb5 23. Nxc4 Rxc4 24. Rxa8 Qxa8 25. Bd2 Qa7+ 26. Kh1 Bh4 27. Re2 Bg3 28. f5 Qa1+ 29. Qc1 Qxc1+ 30. Bxc1 Ra4 31. Re3 Bf4 32. Re1 Bxc1 33. Rxc1 Rxe4 34. fxg6 hxg6 35. Rc2 Kg7 36. Kg1 Rf4 37. Kh2 Kf6 38. Kg3 g5 39. Rd2 b4 40. cxb4 Rxb4 41. Kf3 Ke6 42. Ke3 d5 43. Kd3 Kd6 44. Kc3 Rc4+ 45. Kd3 e5 46. Rf2 Ke6 47. b3 e4+ 48. Kd2 Rb4 49. Kc3 Rb5 50. g4 Rb8 51. Rf5 f6 52. h4 gxh4 53. Rh5 Rb5 54. Rxh4 Ke5 55. Rh5+ Kf4 56. Rf5+ Ke3 57. Rxf6 Rc5+ 58. Kb4 Rc8 59. g5 d4 60. g6 d3 61. g7 Rg8 62. Rg6 d2 63. Rd6 Rxg7 64. Kc3 Rc7+ 0-1

[Event "GER-ch U14"]
[Site "Willingen"]
[Date "2023.05.29"]
[Round "3"]
[White "Uyar, Levin"]
[Black "Neuhoff, Laertes"]
[Result "1/2-1/2"]
[WhiteElo "1700"]
[BlackElo "2109"]
[PlyCount "68"]
[EventDate "2023.05.27"]
[EventType "swiss"]
[EventRounds "9"]
[EventCountry "GER"]
[SourceTitle "CBM 214 Extra"]
[Source "ChessBase"]
[SourceDate "2023.07.31"]
[SourceVersion "1"]
[SourceVersionDate "2023.07.31"]
[SourceQuality "1"]

1. e4 c5 2. Nf3 Nc6 3. d4 cxd4 4. Nxd4 Nf6 5. Nc3 e5 6. Ndb5 d6 7. a4 Be7 8. Bg5 a6 9. Na3 Be6 10. Nc4 Bxc4 11. Bxc4 0-0 12. Bxf6 Bxf6 13. Nd5 Rc8 14. 0-0 Bg5 15. c3 Ne7 16. Qb3 Nxd5 17. Bxd5 Rb8 18. Rfd1 Qc7 19. Rd3 Be7 20. c4 Bd8 21. Qb4 b6 22. Rb3 Be7 23. Qc3 Qc5 24. g3 g6 25. a5 bxa5 26. Rxb8 Rxb8 27. Rxa5 Qb6 28. Qa3 Qxb2 29. Qxb2 Rxb2 30. Rxa6 Kg7 31. Ra7 Kf8 32. Ra8+ Kg7 33. Ra7 Kf8 34. Ra8+ Kg7 1/2-1/2

[Event "Bad Woerishofen op 38th"]
[Site "Bad Woerishofen"]
[Date "2023.03.08"]
[Round "6"]
[White "Neuhoff, Laertes"]
[Black "Welling, Gerard J"]
[Result "1/2-1/2"]
[WhiteElo "2029"]
[BlackElo "2262"]
[PlyCount "65"]
[EventDate "2023.03.03"]
[EventType "swiss"]
[EventRounds "9"]
[EventCountry "GER"]
[SourceTitle "CBM 213 Extra"]
[Source "ChessBase"]
[SourceDate "2023.05.31"]
[SourceVersion "1"]
[SourceVersionDate "2023.05.31"]
[SourceQuality "1"]

1. e4 e5 2. Nf3 Nc6 3. d4 exd4 4. Bc4 d6 5. Nxd4 Nf6 6. Nc3 Be7 7. Nxc6 bxc6 8. 0-0 0-0 9. Re1 Nd7 10. Bf4 Bf6 11. Qd2 a5 12. a4 Re8 13. Bb3 Ba6 14. Rad1 Qb8 15. Be3 Qb4 16. Bd4 Bxd4 17. Qxd4 Qxd4 18. Rxd4 Rab8 19. Rb1 Nc5 20. Bc4 Rb4 21. b3 Reb8 22. Rbd1 Bxc4 23. Rxc4 Rxc4 24. bxc4 f6 25. Rb1 Rxb1+ 26. Nxb1 Nxa4 27. f3 Kf7 28. Kf2 Ke6 29. Ke3 d5 30. Na3 dxe4 31. Kxe4 g6 32. Kd4 Kd6 33. c5+ 1/2-1/2

[Event "GER-chT U20"]
[Site "Muenster"]
[Date "2022.12.30"]
[Round "7"]
[White "Lichtmannecker, Daniel"]
[Black "Neuhoff, Laertes"]
[Result "1-0"]
[WhiteElo "2106"]
[BlackElo "2033"]
[PlyCount "32"]
[EventDate "2022.12.26"]
[EventType "team-swiss"]
[EventRounds "7"]
[EventCountry "GER"]
[SourceTitle "CBM 212 Extra"]
[Source "ChessBase"]
[SourceDate "2023.03.31"]
[SourceVersion "1"]
[SourceVersionDate "2023.03.31"]
[SourceQuality "1"]
[WhiteTeam "Ergolding"]
[BlackTeam "Leipzig SG"]
[WhiteTeamCountry "GER"]
[BlackTeamCountry "GER"]

1. d4 d5 2. Nc3 Nf6 3. Bf4 c5 4. e3 a6 5. Nf3 e6 6. Ne5 Be7 7. g4 Nc6 8. g5 Nd7 9. Nxc6 bxc6 10. h4 cxd4 11. exd4 e5 12. dxe5 Qb6 13. Rb1 Bb4 14. Bd3 d4 15. 0-0 0-0 16. Ne4 Be7 1-0

[Event "GER-chT U20"]
[Site "Muenster"]
[Date "2022.12.28"]
[Round "4"]
[White "Kartsev, Nikolaj"]
[Black "Neuhoff, Laertes"]
[Result "0-1"]
[WhiteElo "2074"]
[BlackElo "2033"]
[PlyCount "128"]
[EventDate "2022.12.26"]
[EventType "team-swiss"]
[EventRounds "7"]
[EventCountry "GER"]
[SourceTitle "CBM 212 Extra"]
[Source "ChessBase"]
[SourceDate "2023.03.31"]
[SourceVersion "1"]
[SourceVersionDate "2023.03.31"]
[SourceQuality "1"]
[WhiteTeam "Brackel"]
[BlackTeam "Leipzig SG"]
[WhiteTeamCountry "GER"]
[BlackTeamCountry "GER"]

1. e4 e5 2. Nf3 Nc6 3. Bb5 a6 4. Ba4 Nf6 5. d3 b5 6. Bb3 Bc5 7. 0-0 d6 8. c3 h6 9. a4 Rb8 10. d4 Bb6 11. Bd5 Bb7 12. axb5 axb5 13. Qb3 0-0 14. dxe5 Nxe5 15. Nxe5 dxe5 16. Bxb7 Rxb7 17. Qc2 Qd7 18. Nd2 Qg4 19. Re1 Nh5 20. h3 Qg3 21. Nf1 Qg6 22. Nh2 Rbb8 23. Be3 Nf4 24. Bxf4 exf4 25. Rad1 Rfe8 26. Rd5 c6 27. Rd2 Rbd8 28. Rde2 Rd6 29. Nf3 Rde6 30. b3 Bc5 31. Kf1 R8e7 32. Kg1 Re8 33. Kh2 Kh8 34. Kh1 Kg8 35. Nh4 Qh5 36. Nf3 Qg6 37. Qb1 Kh8 38. Qc2 Kg8 39. Qb1 Kh8 40. Kg1 Kg8 41. Kf1 f6 42. b4 Bb6 43. Qa2 Kh7 44. Qc2 Kh8 45. c4 bxc4 46. Qxc4 Kh7 47. Kg1 R8e7 48. Kf1 Re8 49. e5 fxe5 50. Nxe5 Qf5 51. Qd3 Qxd3 52. Nxd3 Rxe2 53. Rxe2 Rxe2 54. Kxe2 Bc7 55. Kf3 Bd6 56. Ke4 g6 57. Ne5 Bxb4 58. Kxf4 c5 59. Ke4 Kg7 60. Kd5 Bc3 61. Nd7 Bd4 62. f3 Bg1 63. g4 h5 64. Nxc5 hxg4 0-1

[Event "GER-chT Lands U20"]
[Site "Wiesbaden"]
[Date "2022.10.04"]
[Round "7.5"]
[White "Basovskiy, Jana"]
[Black "Neuhoff, Laertes"]
[Result "0-1"]
[WhiteElo "1858"]
[BlackElo "1885"]
[PlyCount "44"]
[EventDate "2022.09.30"]
[EventType "team-swiss"]
[EventRounds "7"]
[EventCountry "GER"]
[SourceTitle "CBM 210 Extra"]
[Source "ChessBase"]
[SourceDate "2022.11.30"]
[SourceVersion "1"]
[SourceVersionDate "2022.11.30"]
[SourceQuality "1"]
[WhiteTeam "Baden U20"]
[BlackTeam "Sachsen U20"]
[WhiteTeamCountry "GER"]
[BlackTeamCountry "GER"]

1. e4 c5 2. Nf3 Nc6 3. Bb5 g6 4. Bxc6 bxc6 5. 0-0 Bg7 6. Re1 e5 7. c3 Ne7 8. Na3 0-0 9. Nc4 Qc7 10. d4 exd4 11. cxd4 Ba6 12. Ne3 cxd4 13. Nxd4 Rad8 14. Nf3 d5 15. exd5 cxd5 16. Qa4 Qc6 17. Qh4 Rfe8 18. Ng4 Nf5 19. Rxe8+ Rxe8 20. Qg5 h5 21. Ne3 Bh6 22. Nd4 Qb6 0-1

[Event "Skalica op-A"]
[Site "Skalica"]
[Date "2022.08.27"]
[Round "8"]
[White "Shirinyan, Daniel"]
[Black "Neuhoff, Laertes"]
[Result "1/2-1/2"]
[WhiteElo "1899"]
[BlackElo "1997"]
[PlyCount "50"]
[EventDate "2022.08.20"]
[EventType "swiss"]
[EventRounds "9"]
[EventCountry "SVK"]
[SourceTitle "CBM 209 Extra"]
[Source "ChessBase"]
[SourceDate "2022.09.30"]
[SourceVersion "1"]
[SourceVersionDate "2022.09.30"]
[SourceQuality "1"]

1. Nf3 d5 2. g3 Bg4 3. Bg2 Nd7 4. d4 c6 5. 0-0 Ngf6 6. Nbd2 e6 7. b3 Be7 8. Bb2 0-0 9. h3 Bf5 10. Ne5 Rc8 11. g4 Bg6 12. Nxg6 hxg6 13. c4 c5 14. e4 Nxe4 15. Nxe4 dxe4 16. Bxe4 Qb6 17. d5 Bf6 18. Bxf6 Nxf6 19. Qf3 exd5 20. Bxd5 Nxd5 21. Qxd5 Rcd8 22. Qf3 Qc7 23. Rfd1 b6 24. Rxd8 Rxd8 25. Rd1 Rxd1+ 1/2-1/2